000 00412nam a2200181Ia 4500
008 210210b1933 xxu||||| |||| 00| 0 eng d
041 _aeng
082 _a828/259
100 _aGRAHAM (R B C)
245 _aPortrait of a dictator
260 _aLondon
_bWilliam Heinemann Ltd.
_c1933
650 _aPortrait
650 _aof
650 _adictator
650 _aa
690 _aBiography
906 _a016104
999 _c135502
_d135502